| Tag |
First Indicator |
Second Indicator |
Subfields |
| LEADER |
00000cam a2200000 4500 |
| 001 |
in00000090445 |
| 005 |
20151008063713.0 |
| 008 |
700811s1944 enkc b 00100beng |
| 010 |
|
|
|a 44008248
|
| 035 |
|
|
|a (OCoLC)00089204
|
| 035 |
|
|
|9 AAK2769AM
|
| 040 |
|
|
|a DLC
|c DLC
|d m.c.
|d TXA
|d UtOrBLW
|
| 043 |
|
|
|a a-cc---
|
| 049 |
|
|
|a TXAM
|c [717155]
|
| 050 |
0 |
0 |
|a DS777
|b M3 1944
|
| 051 |
|
|
|a DS777
|b .M3 1968
|c Photo-offset. Bath, C. Chivers, 1968. ix, 250 p. port. 21 cm. Imprint on t.p. covered by label: Reprints of economic classics. Augustus M. Kelley, publishers, New York, 1970.
|
| 082 |
0 |
|
|a 951.04/0924
|a B
|
| 090 |
|
|
|a DS777
|b .M3
|
| 100 |
1 |
|
|a Martin, Bernard,
|d 1897-1986.
|
| 245 |
1 |
0 |
|a Strange vigour :
|b a biography of Sun Yat-sen /
|c by Bernard Martin.
|
| 264 |
|
1 |
|a London, Toronto :
|b W. Heinemann ltd.,
|c [1944]
|
| 300 |
|
|
|a xii, 248 pages :
|b frontispiece (portrait)
|
| 336 |
|
|
|a text
|b txt
|2 rdacontent
|
| 337 |
|
|
|a unmediated
|b n
|2 rdamedia
|
| 338 |
|
|
|a volume
|b nc
|2 rdacarrier
|
| 500 |
|
|
|a "First published 1944."
|
| 504 |
|
|
|a "References": pages [237]-243.
|
| 600 |
1 |
0 |
|a Sun, Yat-sen,
|d 1866-1925.
|
| 651 |
|
0 |
|a China
|x History
|y Revolution, 1911-1912.
|
| 651 |
|
0 |
|a China
|x History
|y Republic, 1912-1949.
|
| 999 |
|
|
|a MARS
|
| 999 |
f |
f |
|s e09eeb0e-eab2-3c98-9013-249563f65e7f
|i 6611abc5-759a-3e4f-9a23-794c0f3a580a
|t 0
|
| 952 |
f |
f |
|p ric
|a Texas A&M University
|b Rellis Campus
|c Joint Library Facility
|d Remote Storage
|t 0
|e DS777 .M3
|h Library of Congress classification
|i unmediated -- volume
|m A14802071795
|
| 998 |
f |
f |
|a DS777 .M3
|t 0
|l Remote Storage
|